000
00274nam a2200121Ia 4500
100
_a
Boguslavsky
942
_c
BK
654
_a
lathes
245
_a
Automatic & Semiautomatic Lathes
260
_b
Foreign Language Publication
_c
2001
082
_a
621.9
546
_a
ENGLISH
999
_c
27284
_d
27284